Normal view
MARC view
- Sparrow, Malcolm K.
Entry Personal Name
001 - CONTROL NUMBER
- control field: 8512
003 - CONTROL NUMBER IDENTIFIER
- control field: OSt
005 - DATE AND TIME OF LATEST TRANSACTION
- control field: 20170529110341.0
008 - FIXED-LENGTH DATA ELEMENTS
- fixed length control field: 170529|| aca||aabn | a|a d
040 ## - CATALOGING SOURCE
- Original cataloging agency: OSt
- Transcribing agency: OSt
100 ## - HEADING--PERSONAL NAME
- Personal name: Sparrow, Malcolm K.
670 ## - SOURCE DATA FOUND
- Source citation: Work cat.: (OSt): Sparrow, Malcolm K., The regulatory craft :, c2000.

PORTAL AKMAL
E-MEL JKDM
AKMAL2U
G-BAM
u-PUSTAKA